La Maravillosa historia de Albert Schweitzer
Uloženo v:
| Hlavní autor: | |
|---|---|
| Médium: | Kniha |
| Jazyk: | španělština |
| Vydáno: |
Madrid
Zig-Zag
1973
Madrid Rodas 1973 |
| Edice: | Colección Juvenil Rodas, 6
|
| Témata: | |
| Tagy: |
Přidat tag
Žádné tagy, Buďte první, kdo vytvoří štítek k tomuto záznamu!
|
MARC
| LEADER | 00000nam a2200000 a 4500 | ||
|---|---|---|---|
| 001 | UCH5475 | ||
| 003 | CL-VaPUC | ||
| 008 | 091014e19730000sp |||||||||||||||||spa|d | ||
| 020 | |a 8434700913 | ||
| 082 | 0 | 4 | |a 813 |b DAH |2 21 |
| 100 | 0 | |a Dahl, Titt Fasmer |e author |9 541751 | |
| 245 | 1 | 3 | |a La Maravillosa historia de Albert Schweitzer |
| 300 | |a 141 p | ||
| 942 | |c BK | ||
| 945 | |d 20091014 00:00:00 |a ccalabra | ||
| 260 | |a Madrid |b Zig-Zag |c 1973 | ||
| 260 | |a Madrid |b Rodas |c 1973 | ||
| 650 | 0 | |a Literatura |9 259151 | |
| 650 | 0 | |a Literatura inglesa |9 312907 | |
| 650 | 0 | |a Novelas inglesas |9 265220 | |
| 650 | 0 | |a Escritores |9 313723 | |
| 650 | 0 | |a Ficción |9 376687 | |
| 650 | 0 | |a Lectura |9 307634 | |
| 651 | 0 | |a Estados Unidos |9 255178 | |
| 583 | |a last modification |c 20171221 03:33:14 |k Rodrigo Vera | ||
| 490 | 0 | |a Colección Juvenil Rodas, 6 | |
| 999 | |c 336608 |d 336606 | ||